Another 25 Things We Learned in 2017 Quiz Stats

 Plays Quiz Updated Feb 23, 2018

Support Sporcle.
Go Orange.
Score 0/25 Timer 05:00
5 Plays Today
% Correct
Norway
78.3%
skin
77.9%
poo
75.6%
children
74.6%
honeybees
71%
wee
69.5%
face
68.3%
intelligent
67.2%
Matthew Perry
65%
everything
63%
medieval villagers
61.4%
Neanderthals
59.6%
football
57.7%
% Correct
dead
51.5%
plastic
49.9%
short
47.4%
Adam West
46.7%
high five
46%
apples
41.1%
tattoo
40.4%
Dolly Parton
39.6%
Tyrannosaurus Rex
37.7%
sociable
36.8%
geeky
32.4%
Pakistan
16.3%

You're not logged in!

Compare scores with friends on all Sporcle quizzes.
OR
Log In

From the Vault

Funny Exam Answers

by chaosBEE

If only funny exam answers actually helped your grade.
Remove Ads.
Support Sporcle.
Get the best of Sporcle when you Go Orange. This ad-free experience offers more features, more stats, and more fun while also helping to support Sporcle. Thank you for becoming a member.

Show Comments

Extras

Top Quizzes Today


Score Distribution

Your Account Isn't Verified!

In order to create a playlist on Sporcle, you need to verify the email address you used during registration. Go to your Sporcle Settings to finish the process.

Report this User

Report this user for behavior that violates our Community Guidelines.

Details: